El proyecto de inversin̤ como estrategia gerencial

Detalles Bibliográficos
Autor principal: Pacheco Coello, Carlos E.
Otros Autores: Přez Brito, Gabriel Jess︢
Formato: Desconocido
Publicado: Mx̌ico: Instituto Mexicano de Contadores Pb︢licos, 2008.
Materias:
Acceso en línea:Acceso restringido

MARC

LEADER 00000ny aa2200000n 44500
005 20110503112913.0
008 110503s mx 000 0 spa d
020 |a 9786077620020 
035 |a 5268 
040 |a vLex 
090 |c 2096  |d 2096 
100 1 |a Pacheco Coello, Carlos E. 
245 1 3 |a El proyecto de inversin̤ como estrategia gerencial  |c /Carlos E. Pacheco Coello; Gabriel Jess︢ Přez Brito   |h [Recurso electrn̤ico] 
256 |a Servicio en ln̕ea 
260 |a Mx̌ico:  |b Instituto Mexicano de Contadores Pb︢licos,  |c 2008. 
300 |a 1 recurso electrn̤ico 
506 1 |a Contenido solo disponible en los productos indicados  |d vLex Global  |d vLex Global (Academic Edition, excluding Law Schools)  |d vLex Global (U.S. Academic Edition, Law Schools)  |d vLex Global (U.S. Academic Edition, excluding Law Schools)  |d vLex Global (Academic Edition, Law Schools) 
650 0 4 |a Planificacin̤ estratǧica 
700 1 |a Přez Brito, Gabriel Jess︢ 
740 0 |a vLex Revistas (Servicio en ln̕ea) 
856 |u http://vlex.com/source/proyecto-inversion-estrategia-gerencial-5268  |z Acceso restringido 
942 |c BOOK